000 00298nam a22001337a 4500
008 170221b xxu||||| |||| 00| 0 eng d
020 _a1563635682
041 _aeng
080 _261ST
_a615
100 _a5
101 _aSHF
245 _aPHYSICIANS' DESK REFERENCE
_cSANBORN, K.D
942 _2udc
_cBK
999 _c5968
_d5968